000 00576nam a2200229Ia 4500
003 OSt
005 20220918221227.0
006 a|||||r|||| 00| 0
007 ta
008 220917b |||||||| |||| 00| 0 eng d
024 _a148,850
037 _cTextual
040 _aARTS
_cARTS
_beng
041 _2eng
_aeng
082 _aTz7, K6
100 _aChagla M.C
_9139639
245 0 _aEducation and the nation
260 _aLondon
_bAllied Publishers UK
_c1966
650 _aEDUCATION
942 _hTz7, K6
_cTEXL
_2CC
999 _c271526
_d271526